| 000 | 02120cam a2200433 a 4500 | ||
|---|---|---|---|
| 001 | 15465410 | ||
| 005 | 20090827092943.0 | ||
| 008 | 080925s2009 enka b 001 0 eng | ||
| 010 | _a 2008042416 | ||
| 015 |
_aGBA8B4350 _2bnb |
||
| 015 |
_aGBA8D6733 _2bnb |
||
| 016 | 7 |
_a014765652 _2Uk |
|
| 016 | 7 |
_a014845137 _2Uk |
|
| 020 | _a9780521092906 (hardback) | ||
| 020 | _a0521515688 (hardback) | ||
| 020 | _a9780521092906 (pbk.) | ||
| 020 | _a0521092906 (pbk.) | ||
| 035 | _a(OCoLC)ocn259716092 | ||
| 035 | _a(OCoLC)259716092 | ||
| 040 |
_aDLC _cDLC _dUKM _dBTCTA _dC#P _dBWX _dCDX _dYDXCP _dDLC |
||
| 043 |
_an-us--- _ae-gx--- |
||
| 050 | 0 | 0 |
_aJV6483 _b.E54 2009 |
| 082 | 0 | 0 |
_a325.43 _222 _bELL |
| 100 | 1 |
_aEllermann, Antje, _d1971- _911834 |
|
| 245 | 1 | 0 |
_aStates against migrants : _bdeportation in Germany and the United States / _cAntje Ellermann. |
| 260 |
_aCambridge ; _aNew York : _bCambridge University Press, _cc.2009. |
||
| 300 |
_axiii, 199 p. : _bill. ; _c23 cm. |
||
| 500 | _aIncludes Index. | ||
| 504 | _aIncludes bibliographical references (p. 177-189) and index. | ||
| 505 | 0 | _aList of figures -- Acknowledgments -- Introduction: Deportation and the state -- A theory of socially coercive state capacity -- The legislative politics of migration control -- Deportation and the executive politics of implementation -- Deportation and the street-level politics of implementation -- Conclusion -- Appendices -- References -- Index. | |
| 650 | 0 |
_aDeportation _zUnited States. _911835 |
|
| 650 | 0 |
_aDeportation _zGermany. _911836 |
|
| 651 | 0 |
_aUnited States _xEmigration and immigration. _911837 |
|
| 651 | 0 |
_aGermany _xEmigration and immigration. _911838 |
|
| 856 | 4 | 1 |
_3Table of contents only _uhttp://www.loc.gov/catdir/toc/fy0904/2008042416.html |
| 942 |
_2ddc _cBB |
||
| 999 |
_c13493 _d13493 |
||